日本の競馬場 - Statistics

General Stats
  • This quiz has been taken 9 times
  • The average score is 19 of 25
Answer Stats
Hint Answer % Correct
中央 札幌
100%
中央 福島
100%
中央 新潟
100%
中央 中京
100%
中央 京都
100%
地方 川崎
100%
中央 中山
83%
中央 東京
83%
中央 阪神
83%
地方 盛岡
83%
地方 船橋
83%
地方 大井
83%
地方 金沢
83%
地方 高知
83%
地方 佐賀
83%
中央 函館
67%
中央 小倉
67%
地方 浦和
67%
地方 名古屋
67%
地方 帯広
50%
地方 門別
50%
地方 水沢
50%
地方 笠松
50%
地方 園田
50%
地方 姫路
33%
No matching quizzes found
Score Distribution
Percent of People with Each Score
Percentile by Number Answered
Your Score History
You have not taken this quiz